Determinants of long-term growth <a> Bayesian averaging of classical estimates (bace) approach

Gespeichert in:
Bibliographische Detailangaben
1. Verfasser: Doppelhofer, Gernot
Weitere Verfasser: Miller, Ronald I., Sala-i-Martin, Xavier
Format: Buch
Sprache:Englisch
Veröffentlicht: Paris OECD-Economics Department 2000
Schriftenreihe:Working papers no. 266
Schlagworte:
Tags: Tag hinzufügen
Keine Tags, Fügen Sie das erste Tag hinzu!

MARC

LEADER 00000nam a2200000 4500
001 c124068
005 20221221084217.0
041 0 |a eng 
044 |a FR 
245 1 0 |a Determinants of long-term growth  |b <a> Bayesian averaging of classical estimates (bace) approach  |c by Gernot Doppelhofer, Ronald I. Miller, and Xavier Sala-i-Martin 
264 1 |a Paris  |b OECD-Economics Department  |c 2000 
300 |a 44 s. 
490 1 |a Working papers  |v no. 266 
830 0 |a Working papers  |v no. 266 
610 2 0 |a rast hospodársky dlhodobý 
610 2 0 |a ukazovatele 
610 2 0 |a regresia 
610 2 0 |a modely 
610 2 0 |a teória štatistiky 
610 2 0 |a štatistika 
610 2 0 |a dáta 
610 2 0 |a odhad štatistický 
610 2 0 |a OECD 
100 1 |a Doppelhofer, Gernot 
700 1 |a Miller, Ronald I. 
700 1 |a Sala-i-Martin, Xavier